000 00400nam a2200157Ia 4500
003 GCL
008 140319s9999 xx 000 0 eng d
040 _aGCL /
_cGCL
082 0 4 _a843
_bG C
100 1 _aGAUTIER, THEOPHILE
245 1 0 _aLE CAPITAINE FRACASSE /
_cGAUTIER, THEOPHILE
260 _a[S.N] :
_bFOLIO ،
_c1993
650 0 4 _aLITERATURE
650 0 4 _aFRENCH LITERATURE
942 _2ddc
_cBK
999 _c21715
_d21715